Statistics for Simplified to Traditional Chinese 繁簡對照/繁简对照

Click here to take the quiz!

General Stats

  • This quiz has been taken 56 times
    (55 since last reset)
  • The average score is 11 of 14

Answer Stats

SimplifiedTraditional% Correct
90%
90%
嘆/歎
84%
82%
80%
78%
78%
76%
76%
75%
75%
73%
71%
69%

Score Distribution

Percentile by Number Answered

Percent of People with Each Score

Your Score History

You have not taken this quiz since the last reset